000 00983nam a2200277Ia 4500
003 OSt
005 20220930090216.0
006 a|||||r|||| 00| 0
007 ta
008 220926b |||||||| |||| 00| 0 eng d
024 _a109009
037 _cTheses
040 _aCRL
_cCRL
_beng
041 _2eng
_aeng
100 _aSajith Damodaran
_9542105
110 _aUniversity of Delhi. Faculty of Medical Sciences. Department of Anaesthesiology
_9519568
245 0 _aEvaluation of effect of preoperative prolonged fasting on perioperative blood sugar, serum electrolytes and ketogenesis
260 _c2010
300 _a71p.
_ap.
_ccm.
650 _aANESTHETICS
_9519569
700 _a Dr. Mahendra Kumar Gu.
700 _a Dr. R. S. Rautela Gu.
_9539845
700 _aUniversity of Delhi. Faculty of Medical Sciences. Department of Anaesthesiology
_9519571
942 _cDIS
_2CC
999 _c880215
_d880215